Score 0/25 Timer 05:00
0 Plays Today
Rank Country Name % Correct
7United States of America
97.5%
8Canada
81.5%
24Russia
79%
9Australia
69.4%
11Saudi Arabia
58%
25South Korea
53.4%
2United Arab Emirates
52.3%
3Kuwait
49.5%
1Qatar
48.8%
4Bahrain
45.6%
21Israel
45.6%
15Oman
43.8%
20Ireland
43.4%
Rank Country Name % Correct
16Singapore
43.1%
5Luxembourg
42.3%
18Belgium
41.6%
19Netherlands
41.3%
22Denmark
39.5%
14Finland
38.1%
13Estonia
27%
17Czech Republic
24.6%
10Brunei
22.4%
23Kazakhstan
20.3%
6Trinidad and Tobago
8.5%
12Nauru
8.5%

You're not logged in!

Compare scores with friends on all Sporcle quizzes.
OR
Log In

Sporcle TV

Today on Sporcle TV


Watch our educational content, quiz creation guides, and fun videos on Sporcle TV.

Show Comments

Extras

Top Quizzes Today


Score Distribution

Paid Content

Your Account Isn't Verified!

In order to create a playlist on Sporcle, you need to verify the email address you used during registration. Go to your Sporcle Settings to finish the process.

Report this User

Report this user for behavior that violates our Community Guidelines.

Details: